[Event "Frankfurt Ch 2005"]
[Site "Ffm-Kalbach, LAZ"]
[Date "2005.05.23"]
[Round "4"]
[White "Lisanti, Marco"]
[Black "Schlamp, Robert"]
[Result "1/2-1/2"]
[WhiteElo "1988"]
[BlackElo "2290"]
[PlyCount "89"]
[EventDate "2005.??.??"]

1. e4 e5 2. Nf3 Nc6 3. Bc4 Be7 4. O-O Nf6 5. d4 d6 6. Nc3 Bg4 7. dxe5 dxe5 8.
Be2 Qxd1 9. Rxd1 Bxf3 10. Bxf3 Nd4 11. Rd2 O-O-O 12. Nd5 Nxd5 13. exd5 Nxf3+
14. gxf3 Rd6 15. c4 Rhd8 16. Re2 c6 17. Rxe5 Bf6 18. Re2 cxd5 19. cxd5 Rxd5 20.
Bf4 Rd1+ 21. Rxd1 Rxd1+ 22. Kg2 Kd7 23. b3 Rd5 24. Rc2 Bd8 25. Be3 a6 26. f4 g6
27. Kf3 Rh5 28. Rd2+ Ke8 29. Kg3 Bc7 30. Rd4 Rf5 31. Kg4 h5+ 32. Kf3 Ke7 33.
Re4+ Kd7 34. Rd4+ Bd6 35. Ke4 Ke6 36. h3 Ra5 37. a4 Rf5 38. Rd3 b5 39. Rc3 Rd5
40. Rc6 a5 41. Ra6 bxa4 42. bxa4 f5+ 43. Kf3 Kf7 44. Ra7+ Ke6 45. Ra6 1/2-1/2

[Event "Frankfurt Ch 2005"]
[Site "Ffm-Kalbach, LAZ"]
[Date "2005.05.23"]
[Round "4"]
[White "Reschke, Stefan"]
[Black "Schwenkreis, Thomas"]
[Result "1-0"]
[WhiteElo "2285"]
[BlackElo "2109"]
[PlyCount "108"]
[EventDate "2005.??.??"]

1. e4 e5 2. Nf3 Nc6 3. Nc3 Be7 4. d4 d6 5. Bb5 exd4 6. Nxd4 Bd7 7. Nf5 Bf8 8.
O-O Nge7 9. Bg5 f6 10. Bf4 a6 11. Ba4 g6 12. Re1 Qc8 13. Nxe7 Nxe7 14. Bb3 Bg7
15. Qd2 Be6 16. Nd5 Kf7 17. c4 Rd8 18. Rac1 b6 19. Bh6 Ng8 20. Be3 Rb8 21. Nf4
c5 22. Rcd1 Ne7 23. Nxe6 Qxe6 24. Bf4 Rb7 25. Qc1 Nc6 26. Be3 Re7 27. Bc2 Ne5
28. b3 Ng4 29. Bf4 g5 30. Bd2 Qe5 31. g3 Qe6 32. Kg2 Ne5 33. Bc3 Qg4 34. Bxe5
fxe5 35. Rd3 Bh6 36. Bd1 Qe6 37. Bh5+ Kg8 38. Qd1 Bf8 39. Bg4 Qf6 40. Rf3 Qg7
41. Rh1 Rc7 42. h4 Kh8 43. hxg5 Qxg5 44. Rh5 Qg8 45. Bf5 Rg7 46. Re3 b5 47. Re1
bxc4 48. Reh1 cxb3 49. axb3 Qf7 50. R1h3 Rd7 51. Bxd7 Qxd7 52. Rf5 Be7 53. Qd5
Qe8 54. Qb7 a5 1-0

[Event "Frankfurt Ch 2005"]
[Site "Ffm-Kalbach, LAZ"]
[Date "2005.05.23"]
[Round "4"]
[White "Solonar, Stefan"]
[Black "Völker, Sebastian"]
[Result "1-0"]
[WhiteElo "2257"]
[BlackElo "1989"]
[PlyCount "57"]
[EventDate "2005.??.??"]

1. Nf3 Nf6 2. c4 e6 3. Nc3 Bb4 4. g3 b6 5. Bg2 Bb7 6. O-O O-O 7. d4 d5 8. Qa4
Bxc3 9. bxc3 dxc4 10. Re1 Nbd7 11. Qxc4 Rc8 12. Qa4 a6 13. Ba3 b5 14. Qb3 Bd5
15. Qc2 Be4 16. Qd2 c5 17. c4 bxc4 18. Rac1 Bd5 19. Red1 Ne4 20. Qe3 Qa5 21.
Ne5 Nxe5 22. dxe5 c3 23. Bxe4 Bxe4 24. Rxc3 Rfd8 25. Rdc1 Bd5 26. Bxc5 Qa4 27.
f3 Bxa2 28. Ra3 Rd1+ 29. Kf2 1-0

[Event "Frankfurt Ch 2005"]
[Site "Ffm-Kalbach, LAZ"]
[Date "2005.05.23"]
[Round "4"]
[White "Yilmaz, Ahmet"]
[Black "Malek, Daniel"]
[Result "0-1"]
[WhiteElo "1916"]
[BlackElo "2254"]
[PlyCount "130"]
[EventDate "2005.??.??"]

1. e4 e6 2. d3 d5 3. Nd2 c5 4. Ngf3 Nc6 5. g3 Bd6 6. Bg2 Nge7 7. O-O O-O 8. Nh4
b5 9. f4 c4 10. e5 Bc5+ 11. Kh1 Ba6 12. dxc4 bxc4 13. c3 Rb8 14. Qh5 Ng6 15.
Ndf3 Be7 16. Nxg6 hxg6 17. Qg4 Qb6 18. h4 d4 19. h5 gxh5 20. Qxh5 dxc3 21. bxc3
Rfd8 22. f5 exf5 23. Qxf5 Bc8 24. Qh5 Be6 25. Bg5 Bd5 26. Rae1 Re8 27. e6 Bxe6
28. Rxe6 Bf8 29. Ne5 Nxe5 30. Rxe5 Rxe5 31. Qxf7+ Kh7 32. Bf4 Re6 33. Qh5+ Rh6
34. Bxh6 Qxh6 35. Qxh6+ Kxh6 36. Bd5 Be7 37. Bxc4 Rc8 38. Rf4 Bf6 39. Re4 Bxc3
40. Kg2 Rb8 41. Bb3 Rd8 42. g4 Kg5 43. Kg3 Rd3+ 44. Kg2 Kh4 45. Be6 Bd4 46. Re2
a5 47. Bf5 Rg3+ 48. Kh2 Rc3 49. Be6 a4 50. Bf5 a3 51. Be6 Rd3 52. Bf5 Rd1 53.
Rc2 Kg5 54. Kg2 g6 55. Be6 Rb1 56. Rc4 Rb2+ 57. Kf3 Rf2+ 58. Kg3 Rd2 59. Kf3
Kf6 60. Bg8 Ke5 61. Bf7 Rxa2 62. Ra4 Rf2+ 63. Kg3 Rxf7 64. Rxa3 Ke4 65. Ra4 g5
0-1

[Event "Frankfurt Ch 2005"]
[Site "Ffm-Kalbach, LAZ"]
[Date "2005.05.23"]
[Round "4"]
[White "Ortmann, David"]
[Black "Benninger, Rudolf"]
[Result "1/2-1/2"]
[WhiteElo "2279"]
[BlackElo "1985"]
[PlyCount "88"]
[EventDate "2005.??.??"]

1. Nf3 c5 2. c4 g6 3. e4 Bg7 4. d4 Qb6 5. Nc3 cxd4 6. Nd5 Qa5+ 7. b4 Qd8 8.
Nxd4 Nf6 9. Nxf6+ Bxf6 10. Bb2 O-O 11. Qd2 Nc6 12. Be2 Qb6 13. Nxc6 dxc6 14.
Bxf6 exf6 15. c5 Qc7 16. O-O Rd8 17. Qe3 a5 18. a3 Qe5 19. f4 Qd4 20. Kf2 Be6
21. Qxd4 Rxd4 22. Ke3 Rad8 23. Rfd1 Rxd1 24. Bxd1 Kg7 25. bxa5 Bc4 26. Be2 Bxe2
27. Kxe2 Rd4 28. Rb1 Rxe4+ 29. Kd3 Ra4 30. Rxb7 Rxa3+ 31. Kc4 Rxa5 32. g3 Ra1
33. Rc7 Rc1+ 34. Kd4 Rd1+ 35. Ke3 Re1+ 36. Kd4 Re6 37. g4 f5 38. gxf5 gxf5 39.
Kd3 Kf6 40. Rc8 h6 41. Rh8 Kg7 42. Rc8 Kf6 43. Rh8 Kg7 44. Rc8 Kf6 1/2-1/2

[Event "Frankfurt Ch 2005"]
[Site "Ffm-Kalbach, LAZ"]
[Date "2005.05.23"]
[Round "4"]
[White "Röschlau, Bernd"]
[Black "Behnick, Eckhard"]
[Result "1-0"]
[WhiteElo "2190"]
[BlackElo "2009"]
[PlyCount "55"]
[EventDate "2005.??.??"]

1. e4 e5 2. Nf3 Nc6 3. Bb5 a6 4. Bxc6 dxc6 5. O-O Bg4 6. h3 Bxf3 7. Qxf3 Bd6 8.
d4 Qe7 9. Nd2 f6 10. Nc4 O-O-O 11. c3 Kb8 12. Rb1 Qe6 13. d5 Qe8 14. b4 Ne7 15.
Na5 cxd5 16. b5 axb5 17. exd5 e4 18. Qe2 Nxd5 19. Rxb5 b6 20. Qc4 c5 21. Rd1
Kc7 22. Rxd5 bxa5 23. Rxd6 Kxd6 24. Qxc5+ Ke6 25. Qc4+ Kd7 26. Rb7+ Kd6 27.
Ba3+ Ke5 28. Qc5+ 1-0

[Event "Frankfurt Ch 2005"]
[Site "Ffm-Kalbach, LAZ"]
[Date "2005.05.23"]
[Round "4"]
[White "Henzner, Reiner"]
[Black "Wendel, Stephan"]
[Result "1/2-1/2"]
[WhiteElo "1976"]
[BlackElo "2153"]
[PlyCount "64"]
[EventDate "2005.??.??"]

1. e4 c5 2. Nf3 d6 3. Bb5+ Nd7 4. c3 Ngf6 5. d3 a6 6. Ba4 e5 7. O-O Be7 8. Re1
b5 9. Bc2 O-O 10. Nbd2 Re8 11. Nf1 Bf8 12. Ng3 g6 13. Bg5 h6 14. Bd2 Bb7 15. c4
Nb6 16. Bb3 b4 17. Qc1 Kh7 18. Nf1 a5 19. Ne3 a4 20. Bd1 a3 21. b3 Ra7 22. h3
Bc8 23. Nh2 Bg7 24. Bg4 Ba6 25. Be2 Ng8 26. Rf1 Rf8 27. Qc2 Ne7 28. Rae1 Nc6
29. Qc1 Nd4 30. Bd1 Bc8 31. Neg4 h5 32. Ne3 Bh6 1/2-1/2

[Event "Frankfurt Ch 2005"]
[Site "Ffm-Kalbach, LAZ"]
[Date "2005.05.23"]
[Round "4"]
[White "Minor, Samuel"]
[Black "Schlesinger, Omri"]
[Result "0-1"]
[WhiteElo "1948"]
[BlackElo "2116"]
[PlyCount "54"]
[EventDate "2005.??.??"]

1. e4 d5 2. exd5 Qxd5 3. Nc3 Qd6 4. d4 Nf6 5. Bc4 a6 6. Nge2 b5 7. Bf4 Qd7 8.
Bb3 Bb7 9. f3 e6 10. Ng3 Be7 11. O-O O-O 12. Nce4 Rd8 13. c3 Qc8 14. Qe2 Nbd7
15. Nxf6+ Nxf6 16. Ne4 Nd7 17. Ng5 Nf8 18. Ne4 Bd5 19. c4 Bb7 20. Rfd1 b4 21.
d5 Ng6 22. Bg3 f5 23. d6 cxd6 24. Nxd6 Rxd6 25. Rxd6 f4 26. Bf2 Bxd6 27. c5 Be5
0-1

[Event "Frankfurt Ch 2005"]
[Site "Ffm-Kalbach, LAZ"]
[Date "2005.05.23"]
[Round "4"]
[White "Rosselli, Marten"]
[Black "Uwira, Oliver"]
[Result "1/2-1/2"]
[WhiteElo "1933"]
[BlackElo "2112"]
[PlyCount "88"]
[EventDate "2005.??.??"]

1. e4 c5 2. Nf3 Nc6 3. d4 cxd4 4. Nxd4 Nf6 5. Nc3 e5 6. Ndb5 d6 7. Nd5 Nxd5 8.
exd5 Nb8 9. c4 Be7 10. Bd3 O-O 11. O-O f5 12. f3 Nd7 13. Be3 a6 14. Nc3 Bg5 15.
Qd2 Qb6 16. Bxb6 Bxd2 17. Bf2 Nc5 18. Bxc5 dxc5 19. Kh1 Bd7 20. a4 a5 21. Nb5
Ra6 22. Rad1 Bf4 23. g3 Be3 24. b3 f4 25. g4 h5 26. h3 hxg4 27. hxg4 Rh6+ 28.
Kg2 Bd4 29. Rh1 Bxb5 30. axb5 Ra8 31. Bc2 Rf6 32. Rde1 Rff8 33. Rh5 b6 34. Reh1
Kf7 35. Rf5+ Ke7 36. Rxf8 Rxf8 37. Kf1 Ra8 38. Ke2 Kf6 39. Rh5 e4 40. Bxe4 a4
41. Rf5+ Ke7 42. d6+ Kxd6 43. Bxa8 a3 44. Rh5 a2 1/2-1/2

[Event "Frankfurt Ch 2005"]
[Site "Ffm-Kalbach, LAZ"]
[Date "2005.05.23"]
[Round "4"]
[White "Kind, Veronika"]
[Black "Kaliski, Erwin"]
[Result "1-0"]
[WhiteElo "1803"]
[BlackElo "2037"]
[PlyCount "75"]
[EventDate "2005.??.??"]

1. e4 e6 2. d4 d5 3. Nd2 Nf6 4. e5 Nfd7 5. c3 c5 6. Bd3 Nc6 7. Ne2 cxd4 8. cxd4
f6 9. exf6 Nxf6 10. Nf3 Bd6 11. O-O Qc7 12. g3 O-O 13. Bf4 e5 14. dxe5 Nxe5 15.
Nxe5 Bxe5 16. Qb3 Bg4 17. Rfe1 Rae8 18. Bxe5 Rxe5 19. Nf4 Rfe8 20. Rxe5 Rxe5
21. h3 Bc8 22. Qd1 Bd7 23. Rc1 Qa5 24. a3 Ba4 25. b3 Bc6 26. a4 Ne4 27. Bxe4
Rxe4 28. Nd3 d4 29. Rc5 Qd8 30. Kf1 Qe7 31. Qh5 Bd7 32. Qd5+ Qe6 33. g4 Qxd5
34. Rxd5 Bc6 35. Rd8+ Kf7 36. Nc5 Rf4 37. Nd3 Rf3 38. Ne5+ 1-0

[Event "Frankfurt Ch 2005"]
[Site "Ffm-Kalbach, LAZ"]
[Date "2005.05.23"]
[Round "4"]
[White "Escher, Helmut"]
[Black "Gramlich, Sebastian"]
[Result "0-1"]
[WhiteElo "2012"]
[BlackElo "1994"]
[PlyCount "38"]
[EventDate "2005.??.??"]

1. d4 d5 2. c4 e6 3. Nc3 c5 4. cxd5 cxd4 5. Qxd4 Nc6 6. Qd1 exd5 7. Qxd5 Bd7 8.
e3 Nf6 9. Qd1 Bc5 10. Nf3 Qe7 11. Bb5 O-O-O 12. Qc2 g5 13. O-O g4 14. Nd2 h5
15. a3 g3 16. hxg3 h4 17. Nb3 hxg3 18. Nxc5 Ng4 19. fxg3 Qxc5 0-1

[Event "Frankfurt Ch 2005"]
[Site "Ffm-Kalbach, LAZ"]
[Date "2005.05.23"]
[Round "4"]
[White "Simon, Eric"]
[Black "Brüggemann, Ludger"]
[Result "0-1"]
[WhiteElo "1889"]
[BlackElo "2187"]
[PlyCount "110"]
[EventDate "2005.??.??"]

1. d4 Nf6 2. c4 d6 3. Nc3 g6 4. e4 Bg7 5. Nf3 O-O 6. Be2 Nbd7 7. O-O e5 8. Re1
Re8 9. Bf1 c6 10. d5 c5 11. a3 Rf8 12. b4 h6 13. Nd2 b6 14. Nb3 Ne8 15. Be3 f5
16. f3 Ndf6 17. Nd2 f4 18. Bf2 g5 19. bxc5 bxc5 20. Qa4 Rf7 21. Rab1 h5 22. Rb2
Nh7 23. Reb1 Bd7 24. Qa6 g4 25. Qb7 g3 26. hxg3 fxg3 27. Bxg3 Bh6 28. Be1 Rc8
29. Qxa7 Bb5 30. Nxb5 Rxa7 31. Nxa7 Ra8 32. Nc6 Be3+ 33. Bf2 Bxf2+ 34. Kxf2 Qg5
35. Ke2 Rxa3 36. Rb3 Rxb3 37. Nxb3 Nhf6 38. Ne7+ Kf7 39. Nf5 h4 40. Nc1 Nh5 41.
Rb7+ Kf6 42. Nd3 Ng3+ 43. Nxg3 hxg3 44. Rb6 Ke7 45. Rb7+ Kd8 46. Rb1 Nf6 47.
Ne1 Nh5 48. Nc2 Nf4+ 49. Kd1 Qh4 50. Ne3 Qh1 51. Kd2 Qg1 52. Rb3 Qf2+ 53. Kd1
Qa2 54. Rb8+ Kc7 55. Rg8 Qf2 0-1

[Event "Frankfurt Ch 2005"]
[Site "Ffm-Kalbach, LAZ"]
[Date "2005.05.23"]
[Round "4"]
[White "Sadeghi, Behrang"]
[Black "Krüger, Till"]
[Result "1-0"]
[WhiteElo "2183"]
[BlackElo "1877"]
[PlyCount "43"]
[EventDate "2005.??.??"]

1. e4 d6 2. Nc3 g6 3. f4 Bg7 4. Nf3 a6 5. a4 b6 6. Bc4 e6 7. O-O Ne7 8. Qe1 O-O
9. d3 c5 10. Kh1 Nbc6 11. Bb3 Qc7 12. Qh4 Nd4 13. Nxd4 cxd4 14. Ne2 f5 15. Bd2
Kh8 16. Ng1 Nc6 17. Rae1 Bd7 18. Nf3 h6 19. c3 Qd8 20. Qh3 e5 21. Qg3 Kh7 22.
Ng5+ 1-0

[Event "Frankfurt Ch 2005"]
[Site "Ffm-Kalbach, LAZ"]
[Date "2005.05.23"]
[Round "4"]
[White "Diekmann, HaJo"]
[Black "Lehner, Thorsten"]
[Result "1-0"]
[WhiteElo "2110"]
[BlackElo "1874"]
[PlyCount "79"]
[EventDate "2005.??.??"]

1. e4 e5 2. Nf3 Nc6 3. Bb5 a6 4. Ba4 Nf6 5. O-O Be7 6. Re1 b5 7. Bb3 O-O 8. d3
d6 9. c3 Na5 10. Bc2 c5 11. Nbd2 Bb7 12. Nf1 Re8 13. Ng3 g6 14. Bg5 Bf8 15. Qd2
Bg7 16. Rad1 Qc7 17. a3 d5 18. exd5 Nxd5 19. b4 cxb4 20. cxb4 Nc6 21. Bb3 Nd4
22. Nxd4 exd4 23. Ne4 Nc3 24. Rc1 Qb6 25. Qf4 Bd5 26. Rxc3 Bxb3 27. Rxb3 f5 28.
Rbb1 fxe4 29. Rxe4 Rf8 30. Qh4 Rf7 31. Rbe1 Qc6 32. h3 a5 33. Be7 Qc3 34. bxa5
Qxd3 35. Bb4 Bf8 36. Rxd4 Qf5 37. Rde4 Bc5 38. Re8+ Rxe8 39. Rxe8+ Kg7 40. Bc3+
1-0

[Event "Frankfurt Ch 2005"]
[Site "Ffm-Kalbach, LAZ"]
[Date "2005.05.23"]
[Round "4"]
[White "Hausmann, Hans-Ulrich"]
[Black "Schiffer, Steve"]
[Result "1-0"]
[WhiteElo "1859"]
[BlackElo "2054"]
[PlyCount "74"]
[EventDate "2005.??.??"]

1. d4 c5 2. d5 g6 3. e4 d6 4. c4 Bg7 5. Nc3 Nf6 6. h3 O-O 7. Nf3 a6 8. Bd3 e6
9. O-O exd5 10. exd5 Re8 11. Bf4 Qc7 12. Re1 Nbd7 13. Rxe8+ Nxe8 14. Qe2 Ne5
15. Re1 f6 16. Bxe5 dxe5 17. g4 Nd6 18. Ne4 Bd7 19. Nxd6 Qxd6 20. Nd2 f5 21.
gxf5 gxf5 22. Qh5 e4 23. Bxe4 Qh6 24. Qxh6 Bxh6 25. Nb3 fxe4 26. Nxc5 Bxh3 27.
Rxe4 Bg7 28. d6 b6 29. d7 Kf7 30. Rf4+ Kg6 31. Re4 Bf6 32. Re8 Ra7 33. Ne6 Kf7
34. Rf8+ Kxe6 35. Rxf6+ Ke7 36. Rf7+ Kd8 37. Rf8+ Kxd7 1-0

[Event "Frankfurt Ch 2005"]
[Site "Ffm-Kalbach, LAZ"]
[Date "2005.05.23"]
[Round "4"]
[White "Busic, Nedjeljko"]
[Black "Schalow, Daniel"]
[Result "0-1"]
[WhiteElo "1857"]
[BlackElo "2032"]
[PlyCount "94"]
[EventDate "2005.??.??"]

1. e4 d5 2. exd5 Qxd5 3. Nc3 Qa5 4. d4 c6 5. Bc4 Bf5 6. Bd2 Qb6 7. Qf3 e6 8.
Nge2 Nf6 9. O-O-O Bd6 10. h3 Nbd7 11. g4 Bg6 12. h4 h5 13. g5 Nd5 14. Bxd5 cxd5
15. Nf4 Bxf4 16. Qxf4 O-O 17. Kb1 Rac8 18. Rc1 Rc4 19. Ne2 Rfc8 20. Ka1 Rxc2
21. Rxc2 Rxc2 22. Rb1 Qb5 23. Nc3 Qd3 24. Rd1 Nb6 25. Bc1 Qc4 26. Qb8+ Kh7 27.
Qxa7 Rxc3 28. bxc3 Na4 29. Bb2 Nxb2 30. Rg1 Nd1 31. Qa3 Qd3 32. Qc1 Nxc3 33.
Rg3 Nxa2 34. Qb2 Qc4 35. Rb3 Nc1 36. Rc3 Qa4+ 37. Qa3 Qxa3+ 38. Rxa3 Nd3 39.
Rb3 Nxf2 40. Rxb7 Ne4 41. Rb2 Bf5 42. Rh2 Nd6 43. Kb2 Kg6 44. Kc1 Be4 45. Kd2
Kf5 46. Rf2+ Kg4 47. Rf1 Nf5 0-1

[Event "Frankfurt Ch 2005"]
[Site "Ffm-Kalbach, LAZ"]
[Date "2005.05.23"]
[Round "4"]
[White "Rubel, Julian"]
[Black "Gutacker, Stephan"]
[Result "1-0"]
[WhiteElo "1981"]
[BlackElo "1827"]
[PlyCount "83"]
[EventDate "2005.??.??"]

1. d4 Nf6 2. Bg5 Ne4 3. Bf4 d6 4. f3 Nf6 5. e4 g6 6. Qd2 h5 7. Nc3 Bg7 8. Bc4
c6 9. Bb3 b5 10. O-O-O a5 11. a4 Ba6 12. Nh3 Nbd7 13. e5 b4 14. Ng5 O-O 15.
Nce4 Nxe4 16. Nxe4 d5 17. Nf2 e6 18. g4 h4 19. Bh6 c5 20. g5 c4 21. Ba2 c3 22.
Qf4 cxb2+ 23. Kb1 Qc7 24. Qxh4 Rac8 25. Rd2 Qc3 26. Bxg7 Kxg7 27. Qh6+ Kg8 28.
Ne4 dxe4 29. Bxe6 fxe6 30. Qxg6+ Kh8 31. Qh6+ Kg8 32. g6 Rxf3 33. Qh7+ Kf8 34.
g7+ Ke8 35. g8=Q+ Nf8 36. Qh5+ Kd7 37. Qg7+ Kc6 38. d5+ Kb6 39. Qg1+ Re3 40.
Qh3 Qxd2 41. Qhxe3+ Qxe3 42. Qxe3+ 1-0

[Event "Frankfurt Ch 2005"]
[Site "Ffm-Kalbach, LAZ"]
[Date "2005.05.23"]
[Round "4"]
[White "Lemonidis, Christos"]
[Black "Karsten, Heinrich"]
[Result "1-0"]
[WhiteElo "1822"]
[BlackElo "1975"]
[PlyCount "88"]
[EventDate "2005.??.??"]

1. e4 c5 2. Nf3 d6 3. d3 g6 4. g3 Bg7 5. Bg2 e6 6. O-O Ne7 7. Nh4 O-O 8. c3
Nbc6 9. Nd2 Rb8 10. f4 f5 11. exf5 Nxf5 12. Nxf5 Rxf5 13. Nf3 Bd7 14. Ng5 h6
15. Ne4 Qf8 16. Be3 b6 17. Qg4 Kh7 18. Qh4 Rh5 19. Qg4 d5 20. Nf2 Qd6 21. Qf3
Rf5 22. Bd2 Rf7 23. Rae1 Re8 24. h4 b5 25. Nh3 Ne7 26. h5 Rf5 27. g4 Rf7 28. g5
Nf5 29. hxg6+ Kxg6 30. gxh6 Bxh6 31. Qg4+ Kf6 32. Ng5 Rg7 33. c4 Bxg5 34. fxg5+
Kg6 35. cxd5 Rf7 36. dxe6 Rxe6 37. Be4 Re5 38. Qh3 Rxe4 39. dxe4 Qd4+ 40. Be3
Qxe4 41. Rxf5 Rxf5 42. Qh6+ Kf7 43. g6+ Ke8 44. Qh8+ Rf8 1-0

[Event "Frankfurt Ch 2005"]
[Site "Ffm-Kalbach, LAZ"]
[Date "2005.05.23"]
[Round "4"]
[White "Noble, Alexander"]
[Black "Ganjian, Mehrdad"]
[Result "1-0"]
[WhiteElo "1972"]
[BlackElo "1808"]
[PlyCount "120"]
[EventDate "2005.??.??"]

1. d4 c6 2. c4 d5 3. Nf3 g6 4. Nc3 Nf6 5. cxd5 cxd5 6. Bf4 a6 7. h3 Nc6 8. e3
Bg7 9. Bd3 O-O 10. a3 b5 11. b4 Re8 12. Rc1 Bb7 13. O-O Nh5 14. Bh2 e5 15. dxe5
Nxe5 16. Nxe5 Bxe5 17. Bxe5 Rxe5 18. Be2 Qe7 19. Qd4 Ng7 20. Bf3 Nf5 21. Qf4
Nh4 22. Ne2 Nxf3+ 23. gxf3 Bc8 24. Kg2 Rh5 25. Rh1 Rh4 26. Qc7 Qxc7 27. Rxc7
Rc4 28. Rc1 Be6 29. Kg3 a5 30. R1xc4 dxc4 31. Rb7 axb4 32. axb4 Ra2 33. Nc3 Rb2
34. Rxb5 Rb3 35. Ne2 c3 36. Nd4 Rb1 37. Rb7 Bd5 38. Rb8+ Kg7 39. b5 Rb4 40. Rc8
Rc4 41. Rxc4 Bxc4 42. b6 Ba6 43. Kf4 Kf6 44. Ke4 Ke7 45. Kd5 Kd7 46. f4 Bd3 47.
Nb3 Bf1 48. h4 c2 49. Kc5 f6 50. e4 h6 51. e5 fxe5 52. fxe5 Bg2 53. f4 Bh1 54.
Kb4 Bd5 55. Nc1 Kc6 56. Ka5 Bc4 57. Kb4 Be6 58. Kc3 Kxb6 59. Kxc2 Kc5 60. Kd3
Bf5+ 1-0

[Event "Frankfurt Ch 2005"]
[Site "Ffm-Kalbach, LAZ"]
[Date "2005.05.23"]
[Round "4"]
[White "Lux, Andreas"]
[Black "Bischoff, Ulrich"]
[Result "0-1"]
[WhiteElo "1801"]
[BlackElo "1971"]
[PlyCount "74"]
[EventDate "2005.??.??"]

1. d4 Nf6 2. Nf3 d5 3. e3 c5 4. c3 e6 5. Bd3 Nc6 6. Nbd2 Be7 7. O-O O-O 8. Qe2
Qc7 9. dxc5 Bxc5 10. e4 e5 11. exd5 Nxd5 12. Bxh7+ Kxh7 13. Qe4+ Kg8 14. Qxd5
Be7 15. Nb3 Bf5 16. Ng5 Rad8 17. Qf3 Qc8 18. Be3 b6 19. h3 Bg6 20. Rfd1 f6 21.
Ne4 f5 22. Nd6 Bxd6 23. Bg5 Be7 24. Bxe7 Nxe7 25. Rxd8 Rxd8 26. Rd1 Bf7 27.
Rxd8+ Qxd8 28. Qb7 a5 29. Kh2 Ng6 30. Qc6 Nh4 31. c4 Qf6 32. Qa8+ Kh7 33. g3
Ng6 34. Qc8 Qe6 35. Qc7 Qxc4 36. Qxb6 Bd5 37. Nd2 Qc1 0-1

[Event "Frankfurt Ch 2005"]
[Site "Ffm-Kalbach, LAZ"]
[Date "2005.05.23"]
[Round "4"]
[White "Cors, Heinz-Friedrich"]
[Black "Brehme, Ralf"]
[Result "1/2-1/2"]
[WhiteElo "1970"]
[BlackElo "1790"]
[PlyCount "57"]
[EventDate "2005.??.??"]

1. e4 d5 2. exd5 Qxd5 3. Nc3 Qa5 4. d4 c6 5. Nf3 Nf6 6. Ne5 Be6 7. Nc4 Bxc4 8.
Bxc4 e6 9. Qe2 Bd6 10. Bd2 Qc7 11. h3 Nbd7 12. O-O O-O 13. Rad1 Bh2+ 14. Kh1
Bf4 15. Qf3 Bxd2 16. Rxd2 Nb6 17. Bb3 Rfd8 18. Rfd1 Rd7 19. Ne4 Nxe4 20. Qxe4
Rad8 21. Rd3 Nd5 22. c3 Nf6 23. Qe2 b5 24. Bc2 Qb6 25. Rg3 c5 26. dxc5 Rxd1+
27. Bxd1 Qxc5 28. Rd3 Rxd3 29. Qxd3 1/2-1/2

[Event "Frankfurt Ch 2005"]
[Site "Ffm-Kalbach, LAZ"]
[Date "2005.05.23"]
[Round "4"]
[White "Wolf, Udo"]
[Black "Kinski, Sven"]
[Result "1/2-1/2"]
[WhiteElo "1963"]
[BlackElo "1765"]
[PlyCount "96"]
[EventDate "2005.??.??"]

1. e4 d6 2. d4 g6 3. c3 Bg7 4. f4 e6 5. Nf3 Nc6 6. Bd3 f5 7. exf5 exf5 8. O-O
Nf6 9. Re1+ Ne7 10. d5 O-O 11. Bc4 Kh8 12. Ng5 c6 13. dxc6 d5 14. cxb7 Bxb7 15.
Bb3 Ng4 16. Nh3 Ng8 17. Na3 N8f6 18. Nc2 Ne4 19. Be3 Nxe3 20. Rxe3 Re8 21. Nd4
Qb6 22. Nf2 Rad8 23. Re2 Ba6 24. Re3 Bb7 25. g3 Nxf2 26. Rxe8+ Rxe8 27. Kxf2
Re4 28. Kg2 Bxd4 29. cxd4 Rxd4 30. Qc2 Re4 31. Rd1 d4 32. Kh3 Ba6 33. Qd2 Qc5
34. Re1 Qe7 35. Qxd4+ Rxd4 36. Rxe7 Rd2 37. g4 Bd3 38. Rxa7 fxg4+ 39. Kxg4 Rg2+
40. Kh3 Rxb2 41. Bd5 Rd2 42. Bf3 Bc4 43. a4 Rd3 44. Kg2 Rd2+ 45. Kg3 Rd3 46.
Kf2 Rd2+ 47. Kg3 Rd3 48. Kf2 Rd2+ 1/2-1/2

[Event "Frankfurt Ch 2005"]
[Site "Ffm-Kalbach, LAZ"]
[Date "2005.05.23"]
[Round "4"]
[White "Syed, Tareq"]
[Black "Larem, Peter"]
[Result "1-0"]
[WhiteElo "1944"]
[BlackElo "1724"]
[PlyCount "37"]
[EventDate "2005.??.??"]

1. b3 e5 2. Bb2 Nc6 3. c4 d5 4. cxd5 Qxd5 5. Nc3 Qa5 6. a3 Be6 7. b4 Qb6 8. e3
a6 9. Na4 Qa7 10. Rc1 Rd8 11. Nf3 Bd6 12. Bc4 Bxc4 13. Rxc4 Nge7 14. Nc5 O-O
15. Qa1 f6 16. Ne6 b5 17. Rg4 Kf7 18. Qa2 Ke8 19. Nxg7+ 1-0

[Event "Frankfurt Ch 2005"]
[Site "Ffm-Kalbach, LAZ"]
[Date "2005.05.23"]
[Round "4"]
[White "Jordake, Michael"]
[Black "Willems, Matthias"]
[Result "0-1"]
[WhiteElo "1593"]
[BlackElo "1936"]
[PlyCount "135"]
[EventDate "2005.??.??"]

1. e4 e6 2. d4 d5 3. Nc3 Bb4 4. e5 c5 5. a3 Bxc3+ 6. bxc3 Ne7 7. Nf3 Bd7 8. Bd3
Qa5 9. Bd2 c4 10. Be2 Ba4 11. O-O h6 12. Qb1 Qa6 13. Ne1 Nbc6 14. Bf3 O-O-O 15.
g3 Qa5 16. Qc1 Rdg8 17. Bg2 g5 18. Rb1 Nf5 19. f4 g4 20. Bh1 h5 21. Ng2 h4 22.
Qb2 b5 23. gxh4 Nxh4 24. Nxh4 Rxh4 25. Be1 Rh5 26. Bg3 Ne7 27. Rf2 Nf5 28. Re1
Nxd4 29. Qb4 Qxb4 30. axb4 Nxc2 31. Ree2 Na1 32. f5 Rh7 33. fxe6 fxe6 34. Rf6
Re7 35. Bf2 Nb3 36. Be3 Kb7 37. Ref2 g3 38. R2f3 gxh2+ 39. Kxh2 Rh8+ 40. Kg1 a5
41. Rf7 Rhe8 42. R3f6 Rxf7 43. Rxf7+ Kc6 44. Ra7 axb4 45. cxb4 c3 46. Ra6+ Kc7
47. Ra7+ Kb8 48. Ra6 c2 49. Rc6 d4 50. Bf4 Rf8 51. Bh6 Rh8 52. Rxc2 Rxh6 53.
Rc6 d3 54. Rd6 Nd2 55. Rxd3 Nc4 56. Rd8+ Kc7 57. Rg8 Nxe5 58. Rg7+ Kd6 59. Be4
Rh4 60. Bg2 Rxb4 61. Ra7 Bb3 62. Ra6+ Kc5 63. Kf2 Ra4 64. Bb7 Rxa6 65. Bxa6 Bc4
66. Ke3 Nf7 67. Ke4 Kb6 68. Bc8 0-1

[Event "Frankfurt Ch 2005"]
[Site "Ffm-Kalbach, LAZ"]
[Date "2005.05.23"]
[Round "4"]
[White "Mustafa, Wail"]
[Black "Bittner, Peter"]
[Result "1-0"]
[WhiteElo "1924"]
[BlackElo "1700"]
[PlyCount "79"]
[EventDate "2005.??.??"]

1. Nf3 c5 2. e4 Nc6 3. d4 cxd4 4. Nxd4 Nf6 5. Nc3 a6 6. Nxc6 bxc6 7. e5 Ng8 8.
Bd3 d5 9. exd6 exd6 10. O-O Be7 11. Re1 Nf6 12. Qf3 d5 13. Qe2 Be6 14. Bxa6 Qb6
15. Bd3 O-O 16. Bd2 Rfe8 17. h3 Bc5 18. Qf3 Bb4 19. Rad1 Be7 20. b3 Qb7 21. a4
Qd7 22. Ne2 Rf8 23. Nf4 Bc5 24. Bc3 Ng4 25. hxg4 Bxg4 26. Qg3 d4 27. Ne2 f5 28.
Bd2 h6 29. f3 Bh5 30. Bxh6 Rf6 31. Bf4 Be7 32. Be5 Rg6 33. Qh3 Rh6 34. Qxf5 Qa7
35. Bf4 Rf8 36. Qe5 g5 37. Ng3 Bb4 38. Nxh5 Bxe1 39. Bxg5 Rh7 40. Rxe1 1-0

[Event "Frankfurt Ch 2005"]
[Site "Ffm-Kalbach, LAZ"]
[Date "2005.05.23"]
[Round "4"]
[White "Noble, Fabian"]
[Black "Matzies, Alexander"]
[Result "1/2-1/2"]
[WhiteElo "1728"]
[BlackElo "1922"]
[PlyCount "45"]
[EventDate "2005.??.??"]

1. d4 Nf6 2. c4 e6 3. Nc3 Bb4 4. e3 O-O 5. Nge2 d5 6. a3 Be7 7. Nf4 c6 8. b3
Nbd7 9. Nd3 Re8 10. Bb2 Bd6 11. c5 Bc7 12. Ne2 Ne4 13. Qc2 Qf6 14. Ng3 Qg6 15.
Nf4 Bxf4 16. exf4 Ndf6 17. Bd3 Qh6 18. Bc1 Nxg3 19. fxg3 Ng4 20. h3 f5 21. O-O
Nf6 22. Be3 Ne4 23. Rf3 1/2-1/2

[Event "Frankfurt Ch 2005"]
[Site "Ffm-Kalbach, LAZ"]
[Date "2005.05.23"]
[Round "4"]
[White "Bonilla Guzman, Jerson A"]
[Black "Smit, Josip"]
[Result "0-1"]
[WhiteElo "1067"]
[BlackElo "1906"]
[PlyCount "52"]
[EventDate "2005.??.??"]

1. d4 Nf6 2. Nf3 g6 3. Nc3 Bg7 4. e4 d6 5. Be2 O-O 6. O-O Nbd7 7. h3 e5 8. dxe5
dxe5 9. Bg5 h6 10. Be3 c6 11. Qd2 Kh7 12. Rad1 Qe7 13. Nh2 Qb4 14. Ng4 Nxg4 15.
Bxg4 Nf6 16. Bxc8 Raxc8 17. a3 Qxb2 18. Bxa7 Qxa3 19. Ra1 Qe7 20. Qe3 Rfe8 21.
Bc5 Qe6 22. Rfd1 Ra8 23. Rxa8 Rxa8 24. f4 exf4 25. Qxf4 Nh5 26. Qf3 Qc4 0-1